000 00319nam a2200157Ia 4500
001 35155
003 IN-NITTTR
005 20251114233437.0
008 251113s9999||||xx |||||||||||||| ||eng||
040 _beng
040 _cIN-NITTTR
041 _aeng
082 _aPER
245 4 _aThe machinist /
942 _2ddc
_cBK
999 _c35696
_d35696